000 00633nam a22001697a 4500
999 _c130231
_d130231
008 200130b ||||| |||| 00| 0 eng d
050 _aL. N6999.V357
_bA4 1984
100 _aVasnetsov, Yuri
_949193
245 _aYuri Vasnetsov
_bpaintings, drawings, watercolours, book illustrations, lithographs, theatrical designs, porselain
_cYuri Vasnetsov
260 _aLeningrad
_bAurora Art Publishers
_c1984
300 _a194p. ;
_c30cm.
600 _aVasnetsov, Yuri
_949193
700 _aVassanetsovi, Galiha (ed.)
_949194
700 _aVasnetsov, Yelizaveta (ed.)
_949195
700 _aMiller, Alex (tr.)
_949196
942 _2lcc
_cMONOGRAPH